000 01223nam2a22002531 4500
001 rc\4740165
005 20250612015139.0
021 _aRU
_bРг6855-67
021 _aRU
_b67-47571
035 _a(NLR Aleph) 008452183
090 _a7816529
_c7816529
100 _a20130416d1967 |||y0rusy50 ca
101 0 _arus
102 _aRU
105 _ay z |||||
200 1 _aПервый класс
210 _d1967
_aБ. м.
215 _a94 с.
461 0 _1001rc\4740164
_12001#$aО прохождении наиболее сложных тем программы начальных классов$eУчителям Москвы$eЧ. 1-$fМоск. гор. отд. нар. образ. Моск. гор. ин-т усовершенствования учителей$vЧ. 1
_97816526
_cМосква
_d1967
_fМоск. гор. отд. нар. образ. Моск. гор. ин-т усовершенствования учителей
_nБ. и.
_oУчителям Москвы : Ч. 1-
_tО прохождении наиболее сложных тем программы начальных классов
_vЧ. 1
801 0 _aRU
_bNLR
_gpsbo
801 1 _aRU
_bELAR
_2rusmarc
852 _aNLR
_j67-6/8605
942 _cBOOK
980 _aNB